| 000 | 00000nam##2200000za#4500 |
| 001 | 9.617239 |
| 003 | CaOODSP |
| 005 | 20210615102041 |
| 007 | ta |
| 008 | 150406|2004||||xxc||||| f|0| 0 eng|d |
| 040 | |aCaOODSP|beng |
| 043 | |an-cn--- |
| 086 | 1 |aNH18-22/104-127E |
| 110 | 2 |aCanada Mortgage and Housing Corporation. |
| 245 | 10|aComparison of under-floor insulation systems |
| 260 | |bCanada Mortgage and Housing Corporation |c2004. |
| 300 | |a3p. : |bgraphs, tables ; |c28 cm. |
| 490 | 1 |aResearch highlight. Technical series |v04-127 |
| 520 | 3 |aThese technical papers summarize a wide range of housing-related studies, reports, and manuals. They examine issues as diverse as low-maintenance northern landscaping; policy options for achieving healthy indoor air quality; and various aspects of building performance, including high-rise building envelope performance, performance of various building materials, and evaluations of district heating systems. |
| 563 | |aPamphlet |
| 590 | |a05-06|b2005-02-11 |
| 775 | 08|tComparaison de systèmes d'isolation de dalles de sous-sol |w(CaOODSP)9.626863 |
| 776 | 0#|tComparison of under-floor insulation systems |w(CaOODSP)9.581181 |
| 830 | #0|aResearch highlight. Technical series ;|v04-127|w(CaOODSP)9.514826 |